000 00698nam a2200253 4500
001 2048
010 _a9789895774203
021 _aPT
_b546263/25
090 _a2048
100 _a20260212d2025 a||y0pory50030103ba
101 0 _apor
102 _aPT
200 _aDr. Nada vs. miúdo esquisito
_fZé Miguel, Ricardo Galvão
205 _a1ª edição
210 _a[S.l.]
_cCultura
_d2025
215 _a159, [1] p.
_cil.
_d21 cm
300 _aBMB-Registado
532 1 2 _aDoutor Nada vs. miúdo esquisito
606 _9815
_aLiteratura Juvenil
675 _a087.5
_vBMB
_zpor
700 _aPereira
_bMiguel Cardoso
_92937
701 _aGalvão
_bRicardo
_f1974-
_4440
_92938
801 _aPT
_bBMB
_gRPC
990 _cLIVROS